| 000 | 004370000a22001570004500 | ||
|---|---|---|---|
| 001 | 003653 | ||
| 003 | MACL | ||
| 040 | _aMACL | ||
| 090 |
_c15646 _d15645 |
||
| 100 | _aChattopadhyay, Debiprasad | ||
| 245 |
_aLanguage Logic and Science In india _bSome Conceptual and Historical Perspective _cDebiprasad Chattopadhyay |
||
| 260 |
_aIndian Council of Social Science Research, _c1995 |
||
| 350 | _a80 | ||
| 650 | _aLogic | ||
| 942 |
_k160 _cBook |
||
| 999 |
_c15550 _d15550 |
||